|
|
|
|
| LEADER |
00000nam a2200000 a 4500 |
| 001 |
vtls001385945 |
| 003 |
SK-MaSNL |
| 005 |
20260223220533.0 |
| 008 |
160624sm y0 xo 0 und |
| 035 |
|
|
|a SNK000340092
|
| 040 |
|
|
|a SNK
|b slo
|c SNK
|e AACR2
|
| 044 |
|
|
|a xo
|c SK
|
| 245 |
1 |
|
|a STN ISO 10816-6 Mechanické kmitanie
|b Hodnotenie kmitania strojov meraním na nerotujúcichnčastiach. Časť 6: Stroje s vratným pohybom menovitého výkonu nad 100 kw
|
| 260 |
|
|
|a Bratislava
|b Úrad pre normalizáciu, metrológiu a skúšobníctvo SR
|c 2000
|
| 300 |
|
|
|a 16 s.
|
| 999 |
|
|
|c 723113
|d 725043
|
| 952 |
|
|
|t P60, <03>, [BOOK], {603}
|a SNK
|b SNK
|y PREZ
|7 0
|p 17A0232519
|o snkSTN ISO 10816-6
|i snkN 68/2000
|0 0
|1 0
|4 0
|d 2000-03-28
|l 0
|r 2005-01-02 00:00:00
|w 2026-02-23
|
| 952 |
|
|
|t P60, <04>, [BOOK], {604}
|a SNK
|b SNK
|y VYP
|7 0
|p 17A0232520
|o snkSTN ISO 10816-6 D1
|i snkN 69/2000
|0 0
|1 0
|4 0
|d 2000-03-28
|l 0
|r 2005-01-02 00:00:00
|w 2026-02-23
|